000 007360000a22002050004500
090 _aAR
_b00919
245 1 0 _aNew species and a new combination in Rubiaceae from Central and South America
650 1 4 _aVegetación
_992799
650 1 4 _aNuevas especies
_992905
650 1 4 _aTaxonomía vegetal
_992262
651 4 _pAmérica del Sur
_992749
653 _fRubiaceae
_gAlibertia
_eAlibertia premontana
653 _fRubiaceae
_gPentagonia
_ePentagonia involucrata
653 _fRubiaceae
_gRemijia
_eRemijia unifora
653 _fRubiaceae
_gRudgea
_eRudgea sanblasensis
041 0 _aInglés
100 1 _aTaylor, Charlotte M.
_99073
942 _cARTICULO
773 1 _tNovon: a Journal for Botanical Nomenclature
_356
_h2
_q215-220
_d1996
_g6
999 _c10007
_d10007